00545nam a22001697a 4500003000400000005001700004008004100021020001500062040000900077100003500086245011300121260003000234300001100264490003300275650003300308650003400341OSt20130514185452.0130514s1994 sp ||||| |||| 00| 0 spa d a844930055X cCDMR1 aPérez Tornero, José Manuel aEl desafío educativo de la televisiónb: para comprender y usar el medio cJosé Manuel Pérez Tornero aBarcelonabPaidósc1994 a276 p.0 aPapeles de comunicaciónv604aTelevisió en l'ensenyament04aTelevisióxAspectes socials